00525nam a22001577a 450000500170000000800410001702000230005804100080008108200180008910000170010724501190012426000550024330000190029850400100031765000400032720260506153734.0260506b |||||||| |||| 00| 0 eng d a9788174961570qhbk aeng a342.4206 MIT aMittal, D.P. aNatural Justice Judicial Review & Administrative Law:bWith Special Reference to Law of Income Taxc/D. P. Mittal; aNew DelhibTaxmann Allied Services (P.) Ltd.c1999 a433p. :c27cm. aindex aConstitutional & administrative law